MDQL
is popping MORE tags! Check the
thread
!
Quizzes
Events
Quiz Creation
Community
Videos
Private Events
Remove Ads
Sign In
Join for FREE
Feedback
Dark Mode
Quiz Categories
Sports
Geography
Music
Movies
Television
Just For Fun
Miscellaneous
History
Literature
Language
Science
Gaming
Entertainment
Religion
Holiday
For Kids
Quiz Lab
Recent
Popular Today
Quiz Kudos Today
Editor Picks
Curator Picks
Quizzes by...
Day
Popularity
Type
Ratings
Length
Year
Community
Subscriptions
Recent Discussions
Orange Saloon
Badges
Playlists
Quests
Create
Leaderboards
Showdown
Live 5
Trivia Bingo
Activity
Puzzle Library
Sporcle Events
Private Events
Virtual Trivia
Globe League
Become a Host
Pub Owners
SporcleCon
Opinionation
Our Games
Videos
Blog
Mobile Apps
Partnerships
Remove Ads and Go Orange
Feedback
Gaming
Video Games
Board Games
Card Games
Pokémon
Mario
Nintendo
Minecraft
Console
Toys
Legend of Zelda
Gaming
Video Games
Board Games
Card Games
Pokémon
Mario
Nintendo
Minecraft
Console
Toys
Legend of Zelda
Random Quiz
Search Sporcle
×
Quiz Lab
Quiz Lab
Gaming
Mario
Type answers based on single images at one time
Type answers based on single images at one time
Slideshow
Best Score? Go Orange.
Super Smash Bros. for Wii U - Item Slideshow Stats
Can you name the items from Super Smash Bros. for Wii U?
By
wartjr2373
12m
78 Questions
147 Plays
147 Plays
147 Plays
Comments
Comments
Give Quiz Kudos
Give Quiz Kudos
-
- Ratings
hide this ad
Replay
Link that replays current quiz
Next Quiz
Link to next quiz in quiz playlist
You Got
0%
They Got
Avg Score
74%
Avg Friend Score
Upgrade to see
Score Distribution
Jump to the score distribution portion of the page
Score
0/78
Timer
12:00
0
Plays Today
% Correct
Super Mushroom
95.9%
Smash Ball
95.2%
Poké Ball
95.2%
Timer
94.6%
Soccer Ball
93.2%
Crate
91.8%
Lightning
91.2%
Rocket Belt
88.4%
Food
86.4%
Drill
86.4%
Super Star
86.4%
Bullet Bill
86.4%
Bob-omb
85.7%
POW Block
85.7%
Capsule
85%
CD
85%
Green Shell
84.4%
Hammer
83.7%
Boomerang
83.7%
Super Leaf
83.7%
Spiny Shell
83.7%
Fire Flower
83%
Banana Peel
81.6%
Deku Nut
80.3%
Home-Run Bat
80.3%
Star Rod
80.3%
Poison Mushroom
79.6%
Party Ball
79.6%
Sandbag
79.6%
Fairy Bottle
79.6%
Spring
79.6%
Master Ball
79.6%
Coin
79.6%
Metal Box
78.2%
Fire Bar
78.2%
Bunny Hood
78.2%
Warp Star
77.6%
Assist Trophy
77.6%
Superspicy Curry
77.6%
% Correct
Mr. Saturn
77.6%
Barrel
76.9%
Golden Hammer
76.2%
Dragoon
74.8%
Pitfall
74.8%
Beam Sword
74.8%
Maxim Tomato
74.1%
Super Scope
73.5%
Franklin Badge
73.5%
Gooey Bomb
72.8%
Heart Container
72.8%
Bumper
70.1%
Back Shield
70.1%
Smoke Ball
69.4%
Ray Gun
68.7%
Motion-Sensor Bomb
68%
Freezie
68%
Bombchu
68%
Beehive
68%
Rolling Crate
67.3%
Lip's Stick
67.3%
Cucco
66.7%
Beetle
66.7%
Screw Attack
66%
X Bomb
66%
Grass
63.9%
Gust Bellows
63.9%
Boss Galaga
63.9%
Hothead
61.2%
Smart Bomb
61.2%
Team Healer
58.5%
Special Flag
57.8%
Blast Box
55.1%
Ore Club
55.1%
Hocotate Bomb
51%
Steel Diver
49.7%
Unira
49%
Daybreak
46.9%
Killer Eye
42.9%
Quiz Playlist
Details
Report
Send in Message
Add To Playlist
Slideshow:
Type answers based on single images at one time
Last Updated: Feb 16, 2017
Quiz Scoreboard
CHALLENGE
Sign Up to Join the Scoreboard
Show All
Scores
Hide
Comments
May contain spoilers
Recently Published
Colored Red Africa Blitz
by spor1
Geography
30s
Find the 'City' Movie
by crazypaving
Movies
60s
5x2 Blitz: Bands
by SL_Kpop136
Music
30s
More to Explore
Quiz From the Vault
Featured Blog Post
14 Easter Pick-up Lines to Find Eggs With
hide this ad
You Might Also Like...
Tags
Mario Quiz
bro
item
Slideshow
smash
Super Mario
Super Smash Bros
Trophy
Wii
Wii U
Today's Top Quizzes in Gaming
Browse Gaming
hide this ad
Today's Top Quizzes in Mario
Browse Mario
Top Contributed Quizzes in Gaming
1
Dead By Daylight Logic Puzzle
2
League of Legends Pro Players by Career/Team History
3
Destiny 2 exotic weapons by perk icons
4
Genshin Impact Logic Puzzle
5
Overwatch 2: Ultimate Ability Icons
6
Genshin Impact Logic Puzzle Quiz II
7
Windmill: Elements
8
Overwatch Logic Puzzle
9
Genshin Impact Logic Puzzle Quiz
10
Genshin murder mystery
Explore More
Trending Topics
Disney
Crossword
Kpop
Marvel
Harry Potter
Anime
NBA
WWE
Country
Song
NFL
Puzzle
Soccer
The Office
Pokémon
hide this ad
More By:
wartjr2373
Quiz
Plays
Rating
Category
Featured
Created
Alola Pokedex
3,117
5.00
Gaming
Dec 9, 2016
Pokemon Masters: Sync Pair Dex
2,917
5.00
Gaming
Sep 2, 2019
Xenoblade Chronicles 2: Rare Blades
2,852
5.00
Gaming
Jul 2, 2018
Pokemon with the Lowest Base Stats
2,590
4.18
Gaming
Feb 12, 2010
Legend of Zelda: Wind Waker Islands (Pictures)
2,031
4.53
Gaming
Jan 15, 2015
Go to Creator's Profile
Score Distribution
Quiz Creator Spotlight
wartjr2373
Follow
Send a Message
Quizzes Created
-
Created Quiz Play Count
-
More By This Creator
Popular Quizzes Today
1
Colored Red Africa Blitz
2
Find the 'City' Movie
3
Find the US States - No Outlines Minefield
4
5x2 Blitz: Bands
5
The Countries of the World
6
Find the US States
7
US States
8
9x9 Crossword: Cartoon Network
More Gaming Quizzes
World of Warcraft: Pandaria Zones by Image
Quiz Lab
Trending Quizzes
Colored Red Europe Blitz I
Colored Red Europe Blitz II
Colored Red Africa Blitz II
Colored Red Africa Blitz III
Colored Red Europe Blitz III
Recently Updated
Grab Bag: 4-10 Letters
pecheneg
2024 March Madness Bracket
pecheneg
Famous TV Couples
Peacemaker
Champions League XIs: Real Madrid
pecheneg
Largest US Cities 1790-2010
pecheneg
Rides in Walt Disney World
pecheneg
Most Oscar Losses (Acting)
pecheneg
Beyoncé Albums
pecheneg
Leaping Animals
pecheneg
Reality TV Shows (A-Z)
bhenderson79
Trending Topics
Marvel
Harry Potter
Crossword
NBA
Anime
Disney
Kpop
NFL
The Office
Pokémon
Soccer
Song
Country
WWE
Puzzle
Your Account Isn't Verified!
In order to create a playlist on Sporcle, you need to verify the email address you used during registration. Go to your
Sporcle Settings
to finish the process.
Report this User
Report this user for behavior that violates our
Community Guidelines
.
Details:
Send Report
Go to the Sporcle.com Mobile Site →
Comments